Palabras del Lic. W. Jiménez C. en ocasión de la inauguración del semiario sobre los censos nacionales de 1983

שמור ב:
מידע ביבליוגרפי
מחבר ראשי: Jiménez Castro, Wilburg
פורמט: Texto
יצא לאור: San José: ADEC
תגים: הוספת תג
אין תגיות, היה/י הראשונ/ה לתייג את הרשומה!

MARC

LEADER 00000 a a2200000 04500
001 14407
003
040 |a CRAI/IIS  |c CRAI/IIS 
090 |a 022400  
100 |a Jiménez Castro, Wilburg  
245 |a Palabras del Lic. W. Jiménez C. en ocasión de la inauguración del semiario sobre los censos nacionales de 1983  
260 |a San José:   |b ADEC  
300 |a 5 p.  
999 |c 14440  |d 14440